LEADER 01420nam0-2200313---450- 001 990009458610403321 005 20111020102702.0 010 $a0-08-021991-8 035 $a000945861 035 $aFED01000945861 035 $a(Aleph)000945861FED01 035 $a000945861 100 $a20111020d1977----km-y0itay50------ba 101 0 $aeng 102 $aGB 105 $aa-------101yy 200 1 $aProtein and non-protein nitrogen for ruminants$eproceedings of the Symposium on Recent Developments in the Use of New Sources of Protein, Essential Amino Acids, and Non-protein Nitrogen, with Special Reference to Ruminants$forganized by the Committee on Agricultural Problems of the United Nations Economic Commission for Europe and the Food and Agriculture Organization of the United Nations, Geneva, 10-13 January 1977 210 $aOxford$cPergamon Press$d1977 215 $aVI, 182 p.$cill.$d24 cm 710 12$aSymposium on Recent Developments in the Use of New Sources of Protein, Essential Amino Acids, and Non-protein Nitrogen, with Special Reference to Ruminants$f<1977 ;$eGeneva>$0513644 711 02$aNazioni Unite.$bEconomic Commission for Europe$0495851 712 02$aFAO 801 0$aIT$bUNINA$gRICA$2UNIMARC 901 $aBK 912 $a990009458610403321 952 $a636.084-43$b7564$fDMVBF 959 $aDMVBF 996 $aProtein and non-protein nitrogen for ruminants$9761388 997 $aUNINA LEADER 02663nam2-2200421---450- 001 990005799220203316 005 20130703101946.0 010 $a978-92-9237-742-7 035 $a000579922 035 $aUSA01000579922 035 $a(ALEPH)000579922USA01 035 $a000579922 100 $a20130122d2012----km-y0itay50------ba 101 0 $aeng 102 $aLU 105 $a||||||||001yy 200 1 $aAiuti diretti per le vacche nutrici, le pecore e le capre erogati nel quadro della parziale applicazione delle disposizioni sull'RPU$fCorte dei Conti europea 210 $aLussemburgo$cUfficio delle pubblicazioni dell'Unione europea$d2012 215 $a55 p.$cill.$d30 225 2 $aRelzione speciale$v11/2012 330 $aLa riforma della PAC attuata nel 2003 ha abolito il collegamento che vincolava il pagamento di un sussidio a una specifica produzione agricola, introducendo un nuovo sostegno diretto dell?ue "disaccoppiato", ossia il regime di pagamento unico (RPU). In via eccezionale, laddove ritenessero che vi fosse il rischio di turbativa dei mercati agricoli o di abbandono della produzione a seguito del passaggio all?rpu, gli stati membri avevano la possibilità di derogare al disaccoppiamento e di mantenere, in alcuni settori, una parte di aiuti diretti nella forma esistente. Ciò valeva in particolare per i premi concernenti le vacche nutrici e/o le pecore e le capre. La relazione speciale espone i risultati dell'audit dei premi suddetti svolto dalla Corte, inteso a stabilire in quale misura gli aiuti diretti per le vacche nutrici, le pecore e le capre siano stati diretti alle regioni più appropriate degli stati membri ed efficaci nel preservare la produzione, evitando in tal modo effetti negativi a livello sociale, economico e ambientale. [Ed.] 410 0$1001000351941$aRelazione speciale 606 0 $aBovini$xAllevamento$xFinanziamenti comunitari 606 0 $aOvini$xAllevamento$xFinanziamenti comunitari 676 $a338.176 699 $a07.09$bAllevamento di animali 710 02$aCorte dei conti europea$0541549 801 0$aIT$bsalbc$gISBD 856 4 $uhttp://bookshop.europa.eu/uri?target=EUB:NOTICE:QJAB12010:IT:HTML$4.$zAccesso libero online 912 $a990005799220203316 951 $aCDE 07.09 (II)$bCDE 2921$cCDE 07.09$d00185295 959 $aBK 969 $aCDE 979 $aMARIAS$b90$c20130122$lUSA01$h1617 979 $aMARIAS$b90$c20130205$lUSA01$h0959 979 $aMARIAS$b90$c20130703$lUSA01$h1019 996 $aAiuti diretti per le vacche nutrici, le pecore e le capre erogati nel quadro della parziale applicazione delle disposizioni sull'RPU$91080395 997 $aUNISA